000 00663nam a22001815i 4500
001 160370
003 ES-MaACL
005 20250930063140.0
008 990505s1890 sp |||| | spa d
040 _aCCPB | B
_bspa
_cCCPB | B
100 1 _aMuñoz del Castillo, José,
_d1850-1926
_984395
245 1 0 _aUnidades físicas
_b: tratado elemental de física /
_cpor José Muñoz del Castillo.
260 _aMadrid :
_bCelestino Apaolaza,
_c1890.
300 _a62 p. ;
_c20 cm.
650 0 7 _aFísica
_2embne
_912877
852 _aES-MaACL
_jT-1427-F-3
_z-- Enc. hol., conservando la cub. original
_z-- Enc. en un vol. facticio
999 _c160370
_d160370